00530nam a22000977a 4500040000800000082002700008100004500035245030500080260002700385300002000412 cRUA aLMA LON 2024 B701 Or.1 aLONG BUNLA, ឡុង ប៊ុនឡា aStudy On Land Market Trend In Rolous Commune, Svay Chek District, Banteay Mean Chey Province,សិក្សាការប្រែប្រួលទីផ្សារដីធ្លី ឃុំរលួស ស្រុកស្វាយចេក ខេត្តបន្ទាយមានជ័យ aPHNOM PENHbRUAc2024  ax,bill,c29cm,